Foundations of mathematics
Αποθηκεύτηκε σε:
| Κύριος συγγραφέας: | |
|---|---|
| Μορφή: | Βιβλίο |
| Γλώσσα: | English |
| Δημοσίευση: |
Philadelphia ; London :
W. B. Saunders Company,
1968.
|
| Θέματα: | |
| Ετικέτες: |
Προσθήκη ετικέτας
Δεν υπάρχουν, Καταχωρήστε ετικέτα πρώτοι!
|
MARC
| LEADER | 00000cam a2200000 a 4500 | ||
|---|---|---|---|
| 001 | 1/108756 | ||
| 008 | 150920s1968####us | ||| |||| ||eng|| | ||
| 040 | |a GR-MyUa |b gre |c GR-MyUa |e AACR2 | ||
| 041 | 0 | |a eng | |
| 082 | 7 | |a 510.1 |2 (23) | |
| 100 | 1 | |a Hatcher, William S. | |
| 245 | 1 | 0 | |a Foundations of mathematics / |c William S. Hatcher. |
| 260 | |a Philadelphia ; London : |b W. B. Saunders Company, |c 1968. | ||
| 300 | |a xiii, 327 σ. ; |c 25 εκ. | ||
| 650 | 0 | |a Mathematics |x Philosophy. | |
| 650 | 0 | |a Logic, Symbolic and mathematical. | |
| 852 | |a INST |b SAMOS |c MAG |e 20150920 |h 510.1 HAT |p 005300035576 |q 005300035576 |t BK |y 0 | ||
| 970 | |a Σιτζίμη |b Γιασεμή |z 20/09/2015 | ||